Dr. S. R. Lasker Library Online Catalogue

Home      Library Home      Institutional Repository      E-Resources      MyAthens      EWU Home

Student's favourite dictionary : (Record no. 5082)

MARC details
000 -LEADER
fixed length control field 00821cam a22002655a 4500
001 - CONTROL NUMBER
control field 5082
003 - CONTROL NUMBER IDENTIFIER
control field BD-DhEWU
005 - DATE AND TIME OF LATEST TRANSACTION
control field 20181210121731.0
008 - FIXED-LENGTH DATA ELEMENTS--GENERAL INFORMATION
fixed length control field 991216s2005 ii g d 000 0 eng
040 ## - CATALOGING SOURCE
Original cataloging agency DLC
Transcribing agency DLC
Language of cataloging eng
Modifying agency DLC
-- BD-DhEWU
041 0# - LANGUAGE CODE
Language code of text/sound track or separate title engben
082 04 - DEWEY DECIMAL CLASSIFICATION NUMBER
Edition number 22
Classification number 423.9144
Item number DES 2005
100 1# - MAIN ENTRY--PERSONAL NAME
Personal name Dev, Ashu Tosh.
9 (RLIN) 13580
245 10 - TITLE STATEMENT
Title Student's favourite dictionary :
Remainder of title English-to-Bengali and English /
Statement of responsibility, etc compiled by Ashu Tosh Dev ; edited by Jyoti Bhushan Chaki.
260 ## - PUBLICATION, DISTRIBUTION, ETC. (IMPRINT)
Place of publication, distribution, etc Calcutta :
Name of publisher, distributor, etc Dev Sahitya Kutir,
Date of publication, distribution, etc 1999.
300 ## - PHYSICAL DESCRIPTION
Extent 1556 p. ;
Dimensions 23 cm.
526 ## - STUDY PROGRAM INFORMATION NOTE
Program name Library
590 ## - LOCAL NOTE (RLIN)
Local note Shaharima Parvin
650 #0 - SUBJECT ADDED ENTRY--TOPICAL TERM
Topical term or geographic name as entry element English language
Form subdivision Dictionaries
General subdivision Bengali.
9 (RLIN) 13508
700 1# - ADDED ENTRY--PERSONAL NAME
Personal name Chaki, Jyoti Bhusan.
9 (RLIN) 13581
942 ## - ADDED ENTRY ELEMENTS (KOHA)
Source of classification or shelving scheme Dewey Decimal Classification
Koha item type Ref.
Holdings
Withdrawn status Lost status Source of classification or shelving scheme Damaged status Not for loan Home library Current library Shelving location Date acquired Source of acquisition Cost, normal purchase price Total Checkouts Full call number Barcode Copy number Koha item type Collection code
    Dewey Decimal Classification     Dr. S. R. Lasker Library, EWU Dr. S. R. Lasker Library, EWU   16/10/2006 Solver Books 150.00   423.9144 DES 5325-19127 C-3 Ref.  
    Dewey Decimal Classification   Not For Loan Dr. S. R. Lasker Library, EWU Dr. S. R. Lasker Library, EWU Reference Section 16/10/2006 Solver Books 150.00   423.9144 DES 2005 19128 C-5 Ref. Reference
    Dewey Decimal Classification   Not For Loan Dr. S. R. Lasker Library, EWU Dr. S. R. Lasker Library, EWU Reference Section 16/10/2006 Solver Books 150.00   423.9144 DES 2005 19125 C-1 Ref. Reference
    Dewey Decimal Classification   Not For Loan Dr. S. R. Lasker Library, EWU Dr. S. R. Lasker Library, EWU Reference Section 16/10/2006 Solver Books 150.00   423.9144 DES 2005 19126 C-2 Ref. Reference